Право против свободы: Страсти по онлайновым библиотекам; Библиотечное дело; № 5

Detaylı Bibliyografya
Parent link:Библиотечное дело: ежемесячный журнал.— , 2003-
№ 5.— 2006.— С. 11
Dil:Rusça
Baskı/Yayın Bilgisi: 2006
Seri Bilgileri:Доступ к информации
Konular:
Materyal Türü: MixedMaterials Kitap Bölümü
KOHA link:https://koha.lib.tpu.ru/cgi-bin/koha/opac-detail.pl?biblionumber=401505

MARC

LEADER 00000naa2a2200000 4500
001 401505
005 20231101065552.0
035 |a (RuTPU)RU\TPU\prd\45085 
035 |a RU\TPU\prd\45084 
090 |a 401505 
100 |a 20060823a2006 k y0rusy50 ca 
101 0 |a rus 
102 |a RU 
200 1 |a Право против свободы  |e Страсти по онлайновым библиотекам 
225 1 |a Доступ к информации 
461 0 |0 (RuTPU)RU\TPU\prd\12643  |t Библиотечное дело  |o ежемесячный журнал  |d 2003- 
463 0 |0 (RuTPU)RU\TPU\prd\44998  |t № 5  |v С. 11  |d 2006 
610 1 |a информация 
610 1 |a право доступа 
610 1 |a российское законодательство 
610 1 |a информационные ресурсы 
610 1 |a онлайновые библиотеки 
801 1 |a RU  |b 63413507  |c 20060823  |g PSBO 
801 2 |a RU  |b 63413507  |c 20060823  |g PSBO 
942 |c BK